Statistics for Irregular Plurals

Click here to take the quiz!

General Stats

  • This quiz has been taken 318 times
  • The average score is 16 of 20

Answer Stats

HintAnswer% Correct
OxOxen
94%
StimulusStimuli
93%
MangoMangoes
92%
OctopusOctopi/Octopuses/Octopods
92%
SheepSheep
92%
CriterionCriteria
90%
DatumData
90%
LouseLice
87%
TornadoTornadoes
87%
WharfWharves
86%
AppendixAppendices
80%
VertebraVertebrae
80%
Runner-upRunners-up
78%
OasisOases
77%
HippopotamusHippopotami
76%
HypothesisHypotheses
76%
SpeciesSpecies
76%
PlateauPlateaux
74%
MemorandumMemoranda
59%
CorpusCorpora
20%

Score Distribution

Percentile by Number Answered

Percent of People with Each Score

Your Score History

You have not taken this quiz